|
|
|
|
| LEADER |
00773nam a2200253 4500 |
| 001 |
DLU090078678 |
| 005 |
##20090608 |
| 040 |
# |
# |
|a DLU
|b eng
|
| 041 |
# |
# |
|a eng
|
| 044 |
# |
# |
|a UK
|
| 100 |
# |
# |
|a Bosq, Denis.
|
| 245 |
# |
# |
|a Nonparametric estimation and prediction for continuous time processes /
|c Denis Bosq.
|
| 653 |
# |
# |
|a Convergence
|
| 653 |
# |
# |
|a Kernel density estimator
|
| 773 |
# |
# |
|t Nonlinear Analysis, Theory, Methods & Applications
|g Vol. 30, part 6 (December 1997), p. 3547-3551
|
| 920 |
# |
# |
|a Phòng Tạp chí -- Trung tâm Thông tin - Thư viện Trường Đại học Đà Lạt
|
| 994 |
# |
# |
|a DLU
|
| 900 |
# |
# |
|a True
|
| 911 |
# |
# |
|a Trương Bảo Trâm Anh
|
| 925 |
# |
# |
|a G
|
| 926 |
# |
# |
|a A
|
| 927 |
# |
# |
|a BB
|
| 980 |
# |
# |
|a Thư viện Trường Đại học Đà Lạt
|